000 00694nam a22002057a 4500
005 20100814095637.0
010 _aENG-100429
020 _c45.00
_a9788190631099
035 _aEN-83962
037 _aDBAD/PUB
082 _a181.49
100 _aMao Tse-tung
_913256
245 _aFive essays on philosophy /
_bby Mao Tse-tung
260 _aLucknow
_bRahul Foundation
_c2008
270 _a69, Baba Ka Purwa, Paper Mill Road, Nishatgunj
_bLucknow
_e226006
300 _a126 p.
_c22cm (Pbk)
700 _912834
942 _2ddc
_cEN
_h181.49
_mMAO
999 _c41862
_d41862